Kabale University Library Catalogue

The Music Connection / (Record no. 686)

MARC details
000 -LEADER
fixed length control field 00550nam a2200181 4500
003 - CONTROL NUMBER IDENTIFIER
control field OSt
005 - DATE AND TIME OF LATEST TRANSACTION
control field 20200602120013.0
008 - FIXED-LENGTH DATA ELEMENTS--GENERAL INFORMATION
fixed length control field 200602b ||||| |||| 00| 0 eng d
020 ## - INTERNATIONAL STANDARD BOOK NUMBER
International Standard Book Number 0382261836
040 ## - CATALOGING SOURCE
Original cataloging agency KABLIB
Transcribing agency KABLIB
Modifying agency KABLIB
082 ## - DEWEY DECIMAL CLASSIFICATION NUMBER
Edition number 23
Classification number 780.7
Item number BEE
100 ## - MAIN ENTRY--PERSONAL NAME
Personal name Beethoven, Jane.
9 (RLIN) 1999
245 ## - TITLE STATEMENT
Title The Music Connection /
Statement of responsibility, etc. Jane Beethoven.....(et al.)
260 ## - PUBLICATION, DISTRIBUTION, ETC.
Place of publication, distribution, etc. Needham, MA :
Name of publisher, distributor, etc. Silver Burdett Ginn Inc.,
Date of publication, distribution, etc. c1995.
300 ## - PHYSICAL DESCRIPTION
Extent 317 p. :
Other physical details ill.( some col.) ;
Dimensions 26 cm.
700 ## - ADDED ENTRY--PERSONAL NAME
Personal name Beethoven, Jane......(et al.).
9 (RLIN) 2000
942 ## - ADDED ENTRY ELEMENTS (KOHA)
Source of classification or shelving scheme Dewey Decimal Classification
Koha item type Book
Holdings
Withdrawn status Lost status Source of classification or shelving scheme Damaged status Not for loan Home library Current library Date acquired Total Checkouts Full call number Barcode Date last seen Price effective from Koha item type
    Dewey Decimal Classification     Education Library Education Library 13.11.2020   780.7 BEE 2552 13.11.2020 13.11.2020 Book

Kabale University Library | Kabale University P.O Box 317, Kabale, Uganda
Tel : +256754017033, +256774661503 E-mail : library@kab.ac.ug